Normal view MARC view

Entry Personal Name

Number of records used in: 1

001 - CONTROL NUMBER

  • control field: 72899

003 - CONTROL NUMBER IDENTIFIER

  • control field: dpl

005 - DATE AND TIME OF LATEST TRANSACTION

  • control field: 20241017111435.0

008 - FIXED-LENGTH DATA ELEMENTS

  • fixed length control field: 241017|| aca||aabn | a|a d

040 ## - CATALOGING SOURCE

  • Original cataloging agency: dpl
  • Transcribing agency: dpl

100 ## - HEADING--PERSONAL NAME

  • Personal name: दुबे,पुरुषोत्तम

670 ## - SOURCE DATA FOUND

  • Source citation: Work cat.: (dpl)206450: दुबे,पुरुषोत्तम, लघुकथा: रचना पद्रधति और समीक्षा सिद् धांत/, 2022

© Delhi Public Library
Hit Counter
free hit counter